00709nam a2200217 4500003000400000005001700004008004100021040001800062050001500080245008200095264007200177300002400249336002200273337002400295338002400319490005400343650002300397700003900420942001500459999001700474OSt20260530115304.0260508b1966 enka|||| |||| 00| 0 eng d aICIbspacICI aNC997bT7310aTrademarks :bA handbook of international designs /cBy Peter wildbur [comp.] 1bStudio vista ; new york :bVan Nostrand Reinhold,cc1966aLondon :  a96 páginasc20cm. atexto2rdacontent asin medio2rdamedia avolumen2rdacarrier0 aIntroductory handbooks to art and design ; v12/6 aMarcas registradas aWildbur, Peter ecompilador931669 2lcccBKn1 c12999d12999